00537 a2200145 4500020001800000082001800018100002700036245008500063260004900148300002400197650001800221650002700239999001500266952011000281 a9788120326705 a624.15136 PRA aPrasad, Bharat Bhushan aFundamentals of Soil Dynamics and Earthquake Engineering/cBharat Bhushan Prasad aNew Delhi :bPHI Learning Private Ltd,c2009 axv, 566p. :bill. ; aSoil Dynamics aEarthquake Engineering c1130d1130 00104070aNITbNITcCEd0000-00-00l3o624.15136 PRApNIT-6220 r2021-11-03s2021-10-13w2017-01-05yBK